The dialogues of Plato
Wedi'i Gadw mewn:
| Prif Awduron: | , |
|---|---|
| Fformat: | Llyfr |
| Iaith: | Saesneg |
| Cyhoeddwyd: |
Nueva York
Bigflow Brown
1900
|
| Pynciau: | |
| Tagiau: |
Ychwanegu Tag
Dim Tagiau, Byddwch y cyntaf i dagio'r cofnod hwn!
|
MARC
| LEADER | 00000nam a2200000 a 4500 | ||
|---|---|---|---|
| 001 | UCY6397 | ||
| 003 | CL-VaPUC | ||
| 008 | 950526e19000000US |||||||||||||||||eng|d | ||
| 082 | 0 | 4 | |a 184 |b PLA |2 21 |
| 100 | 0 | |a Platón |e author |9 222 | |
| 700 | 0 | |a Jowett, B |e author |9 336314 | |
| 245 | 1 | 4 | |a The dialogues of Plato |
| 300 | |a v | ||
| 942 | |c BK | ||
| 945 | |d 19950526 00:00:00 |a oaravena | ||
| 260 | |a Nueva York |b Bigflow Brown |c 1900 | ||
| 600 | 0 | |a Sócrates |9 266368 | |
| 650 | 0 | |a Filosofía |9 223554 | |
| 650 | 0 | |a Filosofía antigua |9 255705 | |
| 650 | 7 | |a RECURSOS LITERARIOS |2 CL-VaPUC |9 336315 | |
| 650 | 0 | |a Política |9 255312 | |
| 651 | 0 | |a Grecia |9 265314 | |
| 583 | |a last modification |c 19950526 00:00:00 |k Rodrigo Vera | ||
| 999 | |c 233963 |d 233961 | ||
| 952 | |0 0 |1 0 |4 0 |6 184_000000000000000_PLA_1900 |7 0 |8 P |9 239832 |a BIBEDU |b BIBEDU |c BIBEDU_PB |d 2019-11-18 |h v.3 |i 1509160 |o 184 PLA 1900 |p 1509160 |r 2024-01-25 |w 2019-11-18 |y BK |k FIL | ||